000 00714nam a2200229 i 4500
001 bgj
245 0 0 _aFuture youth :
_bhow to reverse the aging process : plus a program for a year of rejuvenation /
_cby the Editors of "Prevention" Magazine Health Books ; edited by Carol Keough.
260 _aEmmaus, Pa :
_bRodale Press,
_cc. 1987.
300 _aVII, 646 pp :
_bill. ;
_c24 cm.
505 _aIncludes index.
650 9 _aAging
_xPhysiological aspects
650 9 _aHealth
650 9 _aNutrition
700 1 _aKEOUGH, Carol
710 p 0 _aPrevention
020 _a0878577211
040 _cBPK
041 0 _aeng
920 _a0-87857-721-1
942 _cKS
008 s uk f |000 0 eng
999 _c47579
_d47579
856 _uhttp://koha.tu.koszalin.pl/cgi-bin/koha/opac-detail.pl?biblionumber=47579
_yKatalog online BPK